Normal view
MARC view
- ادارة المبيعات-الادوية
Entry Topical Term
001 - CONTROL NUMBER
- control field: 33203
003 - CONTROL NUMBER IDENTIFIER
- control field: JO-AjAnu
005 - DATE AND TIME OF LATEST TRANSACTION
- control field: 20230606075555.0
008 - FIXED-LENGTH DATA ELEMENTS
- fixed length control field: 230606|| aca||aabn | a|a d
040 ## - CATALOGING SOURCE
- Original cataloging agency: JO-AjAnu
- Transcribing agency: JO-AjAnu
150 ## - HEADING--TOPICAL TERM
- Topical term or geographic name entry element: ادارة المبيعات-الادوية
670 ## - SOURCE DATA FOUND
- Source citation: Work cat.: (JO-AjAnu)17057: عبيدات،محمد ابراهيم/جميل سمير دبابنه, author 33202, التسويق الصحي والدوائي